Office Organisation and Management (Record no. 6308)

MARC details
005 - DATE AND TIME OF LATEST TRANSACTION
control field 20250629120642.0
020 ## - INTERNATIONAL STANDARD BOOK NUMBER
International Standard Book Number 81-261-0997-1
082 ## - DEWEY DECIMAL CLASSIFICATION NUMBER
Classification number 651 KUM
100 ## - MAIN ENTRY--PERSONAL NAME
Author name KUMAR, N
245 ## - TITLE STATEMENT
Title Office Organisation and Management
260 ## - PUBLICATION, DISTRIBUTION, ETC.
Place of publication, distribution, etc. New Delhi
Name of publisher, distributor, etc. Anmol Publication Pvt Ltd
Date of publication, distribution, etc. 2001.
300 ## - PHYSICAL DESCRIPTION
Extent ix,645p.: ill.; figures
Other physical details Index
Dimensions 22cm
700 ## - ADDED ENTRY--PERSONAL NAME
Other authors/Editors R. Mittal
942 ## - ADDED ENTRY ELEMENTS (KOHA)
Source of classification or shelving scheme Dewey Decimal Classification
Koha item type Books
Holdings
Date last seen Total checkouts Full call number Barcode Cost, replacement price Price effective from Koha item type Lost status Source of classification or shelving scheme Damaged status Not for loan Withdrawn status Home library Current library Shelving location Date acquired Source of acquisition Cost, normal purchase price
06/29/2025   651 KUM MZA0002788 90000.00 06/29/2025 Books   Dewey Decimal Classification       CBE Mwanza CBE Mwanza Special Reserve Collection 06/13/2018 Library Budget 30000.00
06/29/2025   651 KUM MZA0002789 90000.00 06/29/2025 Books   Dewey Decimal Classification       CBE Mwanza CBE Mwanza Special Reserve Collection 06/13/2018 Library Budget 30000.00
06/29/2025   651 KUM MZA0002790 90000.00 06/29/2025 Books   Dewey Decimal Classification       CBE Mwanza CBE Mwanza Special Reserve Collection 06/13/2018 Library Budget 30000.00
06/29/2025   651 KUM MZA0002791 90000.00 06/29/2025 Books   Dewey Decimal Classification       CBE Mwanza CBE Mwanza Special Reserve Collection 06/13/2018 Library Budget 30000.00